Case study in co-production of public spacesFor inclusive city, Jhenaidah (Record no. 45661)

000 -LEADER
fixed length control field 00470nam a22001697a 4500
001 - CONTROL NUMBER
control field 45661
003 - CONTROL NUMBER IDENTIFIER
control field BD-DhUET
008 - FIXED-LENGTH DATA ELEMENTS--GENERAL INFORMATION
fixed length control field 250802b xxu||||| |||| 00| 0 eng d
040 ## - CATALOGING SOURCE
Transcribing agency 0
Modifying agency BD-DhUET
100 ## - MAIN ENTRY--PERSONAL NAME
Personal name Samia Zabeen
245 ## - TITLE STATEMENT
Title Case study in co-production of public spacesFor inclusive city, Jhenaidah
260 ## - PUBLICATION, DISTRIBUTION, ETC. (IMPRINT)
Place of publication, distribution, etc. Dhaka
Name of publisher, distributor, etc. Department of Architecture, BUET
Date of publication, distribution, etc. 2026
300 ## - PHYSICAL DESCRIPTION
Extent xii, 207 p.
501 ## - WITH NOTE
With note One CD-ROM
504 ## - BIBLIOGRAPHY, ETC. NOTE
Bibliography, etc Includes bibliographies
942 ## - ADDED ENTRY ELEMENTS (KOHA)
Koha item type Thesis
Holdings
Withdrawn status Date acquired Piece designation (barcode) Koha item type Lost status Location (home branch) Shelving location Sublocation or collection (holding branch) Price effective from Damaged status Koha date last seen Source of classification or shelving scheme Not for loan
 2026-04-21121022Thesis Central Library, BUETAcquisition sectionCentral Library, BUET2026-04-25 2026-04-25